Aprender juntos (Registro nro. 7956)
[ vista simple ]
| 000 -LEADER | |
|---|---|
| fixed length control field | 01338 a2200265 4500 |
| 001 - CONTROL NUMBER | |
| control field | 63055 |
| 005 - DATE AND TIME OF LATEST TRANSACTION | |
| control field | 20260407155925.0 |
| 008 - FIXED-LENGTH DATA ELEMENTS--GENERAL INFORMATION | |
| fixed length control field | 260407a1988 arg spa d |
| 003 - CONTROL NUMBER IDENTIFIER | |
| control field | AR-UNSa-BCEJYS |
| 040 ## - CATALOGING SOURCE | |
| Original cataloging agency | AR-UNSa-BCEJYS |
| Language of cataloging | spa |
| Transcribing agency | AR-UNSa-BCEJYS |
| 080 ## - UNIVERSAL DECIMAL CLASSIFICATION NUMBER | |
| Universal Decimal Classification number | 376 |
| Common auxiliary subdivision | Educación, formación y enseñanza de grupos especiales de personas. Escuelas especiales |
| 020 ## - INTERNATIONAL STANDARD BOOK NUMBER | |
| International Standard Book Number | 978-84-7112-317-6 |
| 041 ## - LANGUAGE CODE | |
| Language code of text/sound track or separate title | spa |
| 100 1# - MAIN ENTRY--PERSONAL NAME | |
| Personal name | Hegarty, Seamus |
| 245 10 - TITLE STATEMENT | |
| Title | Aprender juntos |
| Name of part/section of a work | La integración escolar |
| 250 ## - EDITION STATEMENT | |
| Edition statement | 2a. ed. |
| 264 #1 - PRODUCTION, PUBLICATION, DISTRIBUTION, MANUFACTURE, AND COPYRIGHT NOTICE | |
| Place of production, publication, distribution, manufacture | Madrid : |
| Name of producer, publisher, distributor, manufacturer | Ediciones Morata |
| Date of production, publication, distribution, manufacture, or copyright notice | 1988 |
| 300 ## - PHYSICAL DESCRIPTION | |
| Extent | 227 p. |
| Dimensions | 20 cm. |
| 505 ## - FORMATTED CONTENTS NOTE | |
| Formatted contents note | 1. Perspectiva del estudio - 2. Grupos de alumnos – 3. Organización de la enseñanza complementaria – 4. Realización de honorarios – 5. Modelos del contenido del “curriculum” – 6. Programas individuales de trabajo – 7. Profesores, auxiliares y enlace – 8. Información – 9. Perfeccionamiento del profesorado con base en la escuela – 10. Organización de la clase – 11. Práctica en el aula – 12. Observación del progreso – 13. Presencia en clase de un segundo adulto y de auxiliares alumnos – 14. Orientaciones para la práctica en clase |
| 590 ## - LOCAL NOTE (RLIN) | |
| Local note | niveau_biblio:m niveau_hierar:0 |
| 700 1# - ADDED ENTRY--PERSONAL NAME | |
| Personal name | Hodgson, A. |
| 700 1# - ADDED ENTRY--PERSONAL NAME | |
| Personal name | Solana, Guillermo |
| 700 1# - ADDED ENTRY--PERSONAL NAME | |
| Personal name | Clunies-Ross, L. |
| 942 ## - ADDED ENTRY ELEMENTS (KOHA) | |
| Koha item type | |
| Withdrawn status | Lost status | Damaged status | Not for loan | Home library | Current library | Shelving location | Date acquired | Total checkouts | Full call number | Barcode | Date last seen | Price effective from | Koha item type |
|---|---|---|---|---|---|---|---|---|---|---|---|---|---|
| Biblioteca Prof. Eusebio Cleto del Rey | Biblioteca Prof. Eusebio Cleto del Rey | 07/04/2026 | 376 H462 2ed. | L69936 | 07/04/2026 | 07/04/2026 | Libro |